000 01064nam0a22002531 4500
001 rc\369900
005 20030307123706.3
035 _a(NLR Aleph) 005601561
090 _a6318245
_c6318245
100 _a20030307d1989 u |0rusy50 ca
101 0 _arus
102 _aRU
105 _aa |||||||||
200 1 _aМетоды и средства программной инженерии
_eСб. науч. тр.
_fАН УССР, Ин-т кибернетики им. В.М. Глушкова, Науч. совет АН УССР по пробл. "Кибернетика"
_g[Редкол.: Ф.И. Андон (отв. ред.) и др.]
210 _aКиев
_cИК
_d1989
215 _a84 с.
_cил.
_d20
320 _aБиблиогр. в конце ст.
702 1 _aАндон
_bФ. И.
_gФилипп Илларионович
_4340
712 0 2 _aИнститут кибернетики им. В.М.Глушкова
_cКиев
_3RU\NLR\AUTH\889993570
801 0 _aRU
_bNLR
_gpsbo
801 1 _aRU
_bELAR
_2rusmarc
852 _aNLR
_j89-4/21553
942 _cBOOK
980 _aNB